000 00462nam a2200157Ia 4500
003 GCL
008 140319s9999 xx 000 0 eng d
040 _aGCL /
_cGCL
082 0 4 _aREF
_b912
_bP A
100 1 _aPETIT, CATHERINE
245 1 0 _aATLAS STRATEGIQUE: GEOPOLITIQUE DES REPPORTS DE FARCES DANS LE MONDE /
_cPETIT, CATHERINE
260 _a[S.N] :
_bLIBRAIRE GENERALE FRANCAISE ،
_c1983
650 0 4 _aWORLD
650 0 4 _aATLAS STRATEGY
942 _2ddc
_cBK
999 _c22699
_d22699